Statistics for Mediterranean Islands Map Quiz

Click here to take the quiz!

General Stats

  • This quiz has been taken 4,561 times
    (2,102 since last reset)
  • The average score is 11 of 15

Answers on the Map

Answers color-coded by a green-red scale on the quiz's map according to % correct below.
 

Answer Stats

Answer% Correct
Sicily
95%
Cyprus
94%
Corsica
91%
Sardinia
91%
Crete
88%
Majorca
86%
Minorca
82%
Ibiza
80%
Rhodes
71%
Djerba
70%
Corfu
59%
Lesbos
53%
Euboea
48%
Kefalonia
45%
Chios
41%

Score Distribution

Percentile by Number Answered

Percent of People with Each Score

Your Score History

You have not taken this quiz since the last reset